000 00451nam a22001577a 4500
005 20150119144441.0
008 150112b xxu||||| |||| 00| 0 eng d
020 _a13456863X
040 _cPK-LaUMT
082 _aKHC 309.154
_bCOH-I
100 _aCohn, Bernard S.
245 _aIndia
_bthe social anthropology of a civilization
_cBernard S. Cohn
260 _aNew Jersey
_bPrentice-Hall, Inc. Englewood Cliffs
_c1971
300 _a164 p.
942 _cBK
999 _c64708
_d64708